000 00713nam a22002057a 4500
005 20080530101615.0
008 080530t xxu||||| |||| 00| 0 eng d
010 _aENG-90274
020 _a817735194X
_c25.00
035 _aEN-73807
037 _bDBAD / PUB
040 _aDPL
_bEN
082 _a398.9
245 _aValuable universal provers /
_ccompiled by V. Srinivasan
260 _aChennai
_bPavai Publications
_c2005
300 _a78p.
_c22 cm (pbk)
700 _aSrinivasan, V.
942 _2ddc
_cEN
_h398.9
_mVAL
999 _c13105
_d13105